[Event "World Blitz Women 2025"]
[Site "Doha QAT"]
[Date "2025.12.30"]
[Round "14.54"]
[White "Wafa, Shahenda"]
[Black "Zhurova, Anna"]
[Result "0-1"]
[WhiteTitle "WGM"]
[BlackTitle "WFM"]
[WhiteElo "2074"]
[BlackElo "2299"]
[WhiteFideId "10609962"]
[BlackFideId "54113075"]
[EventDate "2025.12.29"]

1. e4 c5 2. Nf3 d6 3. d4 cxd4 4. Nxd4 Nf6 5. Nc3 g6 6. Be3 Nc6 7. f3 h5 8. Qd2
Nxd4 9. Bxd4 Bh6 10. Be3 Bxe3 11. Qxe3 Be6 12. Bb5+ Kf8 13. O-O Qc7 14. Rad1 Kg7
15. Be2 h4 16. Kh1 Qc5 17. Qxc5 dxc5 18. e5 Nd7 19. f4 Nb6 20. Bf3 Nc4 21. Rfe1
Rad8 22. b3 Rxd1 23. Rxd1 Ne3 24. Rd2 b6 25. Kg1 c4 26. Kf2 Nf5 27. Nd5 cxb3 28.
cxb3 Rc8 29. Be4 Bxd5 30. Bxd5 e6 31. Bc4 Rc7 32. Kf3 Kf8 33. g4 hxg3 34. hxg3
Ne7 35. g4 Nc6 36. Ke4 Ke7 37. f5 gxf5+ 38. gxf5 exf5+ 39. Kxf5 Na5 40. Bb5 Nb7
41. a4 Nc5 42. Bc4 Ne6 43. Rh2 Nd4+ 44. Ke4 Ne6 45. Rh7 Ng5+ 46. Kf5 Nxh7 47.
Bd5 Nf8 48. Bc4 Ne6 49. Ke4 Nc5+ 50. Kd5 Nxa4 51. e6 fxe6+ 52. Ke5 Nc5 53. b4 0-1

[Event "World Blitz Women 2025"]
[Site "Doha QAT"]
[Date "2025.12.30"]
[Round "14.55"]
[White "Zhang, Lanlin"]
[Black "Yakubbaeva, Nilufar"]
[Result "1/2-1/2"]
[WhiteTitle "WIM"]
[BlackTitle "WGM"]
[WhiteElo "2291"]
[BlackElo "2229"]
[WhiteFideId "8608032"]
[BlackFideId "14204487"]
[EventDate "2025.12.29"]

1. e4 c6 2. d4 d5 3. Nc3 dxe4 4. Nxe4 Bf5 5. Ng3 Bg6 6. h4 h6 7. Nh3 e6 8. Nf4
Bh7 9. c3 Nf6 10. Bc4 Bd6 11. Qf3 O-O 12. O-O Nd5 13. h5 Nxf4 14. Bxf4 Bxf4 15.
Qxf4 Nd7 16. Rae1 Nf6 17. Rd1 Qd7 18. Rfe1 Rad8 19. Bd3 Bxd3 20. Rxd3 Qd5 21. b3
Nxh5 22. Nxh5 Qxh5 23. Qc7 c5 24. Re5 Qg6 25. Ree3 cxd4 26. cxd4 e5 27. Qxe5
Rfe8 28. Qxe8+ Rxe8 29. Rxe8+ Kh7 30. Ree3 Qd6 31. d5 b5 32. g3 g5 33. Kg2 g4
34. Re1 h5 35. Rc1 Qe5 36. Rdd1 h4 37. gxh4 Qe4+ 38. Kg1 g3 39. fxg3 Qf3 40. Kh2
Qf2+ 41. Kh3 Qf5+ 42. Kg2 Qe4+ 43. Kf2 Qf5+ 44. Ke3 Qe5+ 45. Kf3 Qf5+ 46. Kg2
Qe4+ 47. Kf2 Qf5+ 1/2-1/2

[Event "World Blitz Women 2025"]
[Site "Doha QAT"]
[Date "2025.12.30"]
[Round "14.56"]
[White "Rouda Essa, Alserkal"]
[Black "Savitha, Shri B"]
[Result "0-1"]
[WhiteTitle "WGM"]
[BlackTitle "IM"]
[WhiteElo "2052"]
[BlackElo "2334"]
[WhiteFideId "9314318"]
[BlackFideId "35061887"]
[EventDate "2025.12.29"]

1. e4 c5 2. Nf3 e6 3. d4 cxd4 4. Nxd4 a6 5. h3 Qc7 6. Bd3 b5 7. O-O Bb7 8. a4 b4
9. Nd2 Nc6 10. Nxc6 Bxc6 11. Nb3 Nf6 12. Qe2 d6 13. Bg5 Be7 14. Rfd1 O-O 15. Nd4
Bb7 16. a5 h6 17. Bh4 Rfd8 18. Bg3 Qc5 19. Nb3 Qc6 20. f3 Rac8 21. Bf2 e5 22.
Bb6 Rf8 23. Bxa6 Bxa6 24. Qxa6 Qxc2 25. Qd3 Qxb2 26. Rdc1 Rc3 27. Rab1 Qa2 28.
Qd1 Rfc8 29. Be3 Qa4 30. Rxc3 bxc3 31. Qc2 d5 32. Ra1 Qc6 33. exd5 Nxd5 34. Bf2
Nb4 35. Qe4 c2 36. Qxc6 Rxc6 37. Be1 Na6 38. Bd2 Bg5 39. Bxg5 hxg5 40. Kf2 Rc3
41. Nc1 Kf8 42. Ke2 Ke7 43. Kd2 Rc6 44. Ra2 Rc5 45. Rxc2 Rxa5 46. Nd3 Rd5 47.
Ke3 Rxd3+ 48. Kxd3 Nb4+ 49. Kd2 0-1

[Event "World Blitz Women 2025"]
[Site "Doha QAT"]
[Date "2025.12.30"]
[Round "14.57"]
[White "Mamedjarova, Zeinab"]
[Black "Miranda Rodriguez, Tania"]
[Result "1-0"]
[WhiteTitle "WGM"]
[BlackTitle "WIM"]
[WhiteElo "2155"]
[BlackElo "2051"]
[WhiteFideId "13401521"]
[BlackFideId "3510417"]
[EventDate "2025.12.29"]

1. d4 d5 2. Nf3 Nf6 3. Bf4 c5 4. e3 Nc6 5. c3 Qb6 6. Qc1 Nh5 7. Bg3 Bf5 8. Be2
Nxg3 9. hxg3 g6 10. O-O Rc8 11. dxc5 Qxc5 12. Nd4 Nxd4 13. exd4 Qc7 14. Re1 Bg7
15. Bb5+ Bd7 16. Bxd7+ Qxd7 17. Qe3 e6 18. a4 O-O 19. Nd2 Rfe8 20. f4 Qc7 21.
Re2 Qb6 22. Nf3 a5 23. Ne1 Rc7 24. Nd3 Rec8 25. g4 Bh6 26. g5 Bg7 27. g3 Qd6 28.
Kg2 b6 29. Rh1 Re7 30. Kf3 f6 31. gxf6 Bxf6 32. Nf2 Rf8 33. Ng4 Bg7 34. Kg2 Qd8
35. Qd3 Qa8 36. Rhe1 Qc8 37. Nh2 Qd7 38. Qc2 Qc6 39. Nf3 h6 40. Qxg6 Rf6 41. Qc2
Qd7 42. Ne5 Qe8 43. Ng4 Rf5 44. Qxf5 exf5 45. Rxe7 Qxa4 46. Re8+ Kh7 47. Nf2 Qc2
48. R1e2 Qa4 49. R8e7 Kg6 50. R2e6+ Bf6 51. Rb7 Qc2 52. Rbxb6 a4 53. Rxf6+ Kg7
54. Rfc6 Qe2 55. Rc7+ 1-0

[Event "World Blitz Women 2025"]
[Site "Doha QAT"]
[Date "2025.12.30"]
[Round "14.58"]
[White "Dwilewicz, Katarzyna"]
[Black "Rodriguez Redondo, Adhara"]
[Result "1-0"]
[WhiteTitle "WFM"]
[BlackTitle "WFM"]
[WhiteElo "2185"]
[BlackElo "2207"]
[WhiteFideId "1148486"]
[BlackFideId "32065698"]
[EventDate "2025.12.29"]

1. e4 e5 2. Bc4 Nf6 3. d3 c6 4. Nf3 d5 5. Bb3 Bd6 6. O-O O-O 7. Re1 Re8 8. Nc3
d4 9. Ne2 h6 10. Ng3 Nbd7 11. a4 Nf8 12. Nh4 Be6 13. Bxe6 Nxe6 14. Nhf5 Bf8 15.
Qf3 Kh7 16. h3 g6 17. Nh4 Bg7 18. Qe2 Nd7 19. Nf3 Qf6 20. Nh2 Qe7 21. Bd2 Rf8
22. a5 c5 23. Rf1 Nf4 24. Qf3 Qd6 25. b3 Ne6 26. Ng4 Qe7 27. Qe2 f5 28. exf5
gxf5 29. Nh2 Qf6 30. Rae1 Qg6 31. Kh1 Rae8 32. Nh5 Ng5 33. Nxg7 Qxg7 34. h4 Ne6
35. Qh5 Qg6 36. Qxg6+ Kxg6 37. Nf3 Nc7 38. g3 e4 39. dxe4 fxe4 40. Nh2 Nd5 41.
Kg2 N7f6 42. g4 Re6 43. Bc1 Rfe8 44. Kg3 Kg7 45. Re2 Nc3 46. Ree1 Nfd5 47. g5
hxg5 48. hxg5 Nb4 49. Ba3 Nxc2 50. Bxc5 Nxe1 51. Bxd4+ Kg6 52. Rxe1 Nb5 53. Be3
Rc6 54. Ng4 Rc3 55. Rh1 Nd4 56. Rh6+ Kg7 57. Rf6 Nc2 58. Kf4 Nxe3 59. Nxe3 Rf8
60. Nf5+ Kg8 61. Ne7+ Kh7 62. Rxf8 Rf3+ 63. Kxe4 Rxf8 64. Nf5 Kg6 65. Nd6 Kxg5
66. Nxb7 Rxf2 67. Nc5 Kf6 68. Kd5 Ke7 69. Kc6 Rf6+ 70. Kb7 Rd6 71. Kxa7 Rc6 72.
b4 Kd6 73. Kb7 Rc7+ 74. Kb6 Rc6+ 75. Kb5 Rc8 76. a6 Kc7 77. a7 Ra8 78. Ka6 Kc6
79. Ne6 Re8 80. Nd4+ Kc7 81. Nb5+ Kc6 82. Nd4+ Kc7 83. b5 Rd8 84. b6+ Kd6 85. b7
Kc5 86. b8=Q 1-0

[Event "World Blitz Women 2025"]
[Site "Doha QAT"]
[Date "2025.12.30"]
[Round "14.59"]
[White "Kairbekova, Amina"]
[Black "Dimitrijevic, Aleksandra"]
[Result "1-0"]
[WhiteTitle "WGM"]
[BlackTitle "WGM"]
[WhiteElo "2353"]
[BlackElo "2063"]
[WhiteFideId "13712799"]
[BlackFideId "929239"]
[EventDate "2025.12.29"]

1. e4 c5 2. Nf3 e6 3. b3 Nc6 4. Bb2 a6 5. c4 b6 6. Nc3 Bb7 7. g3 Nf6 8. Bg2 d6
9. O-O Be7 10. Re1 e5 11. Nd5 Nxd5 12. exd5 Nd4 13. Bxd4 cxd4 14. d3 O-O 15. Nd2
Bc8 16. f4 exf4 17. gxf4 Bf6 18. Ne4 Bf5 19. Qf3 g6 20. Ng3 Bd7 21. Re4 b5 22.
Rae1 a5 23. f5 a4 24. Bh3 axb3 25. axb3 Be5 26. Rxe5 dxe5 27. Ne4 Qh4 28. Rf1
Ra2 29. Rf2 Rxf2 30. Nxf2 gxf5 31. Kh1 Ra8 32. Bxf5 Ra1+ 33. Kg2 Qg5+ 34. Ng4
Bxf5 35. Qxf5 Ra2+ 36. Kg3 Qxf5 37. Nh6+ Kg7 38. Nxf5+ Kf6 39. Nh6 bxc4 40. bxc4
Rd2 41. Ng4+ Kf5 42. Nf2 Ra2 43. c5 Ra5 44. Ne4 Ra3 45. Nf2 Rc3 46. c6 Rc5 47.
Ne4 Rxd5 48. c7 1-0

[Event "World Blitz Women 2025"]
[Site "Doha QAT"]
[Date "2025.12.30"]
[Round "14.60"]
[White "Serikbay, Assel"]
[Black "Mgeladze, Kesaria"]
[Result "1-0"]
[WhiteTitle "WIM"]
[BlackTitle "WIM"]
[WhiteElo "2221"]
[BlackElo "2195"]
[WhiteFideId "13706799"]
[BlackFideId "13621130"]
[EventDate "2025.12.29"]

1. d4 Nf6 2. c4 e6 3. Nc3 Bb4 4. e3 O-O 5. Bd3 d5 6. a3 Bxc3+ 7. bxc3 dxc4 8.
Bxc4 c5 9. Nf3 Nc6 10. O-O Qc7 11. Bb2 e5 12. h3 cxd4 13. cxd4 exd4 14. exd4 Ne7
15. Rc1 Qd6 16. d5 Rd8 17. Be5 Qb6 18. d6 Nf5 19. Ng5 Nxd6 20. Bxd6 Rxd6 21.
Bxf7+ Kf8 22. Qb3 h6 23. Nf3 Qxb3 24. Bxb3 Be6 25. Bxe6 Rxe6 26. Rc7 Re7 27.
Rfc1 Rae8 28. Nh4 Kf7 29. Nf5 Rd7 30. Nd6+ Ke7 31. Nxe8 Nxe8 32. Rxd7+ Kxd7 33.
Kf1 Nd6 34. Ke2 b5 35. Kd3 Nc4 36. Rc3 Kc6 37. Rxc4+ bxc4+ 38. Kxc4 a6 39. a4 a5
40. f4 h5 41. g4 hxg4 42. hxg4 g6 43. f5 gxf5 44. gxf5 Kd6 45. Kb5 Ke5 46. Kxa5
Kxf5 47. Kb6 1-0

[Event "World Blitz Women 2025"]
[Site "Doha QAT"]
[Date "2025.12.30"]
[Round "14.61"]
[White "Parnali, S Dharia"]
[Black "Berikkyzy Alanna"]
[Result "1-0"]
[WhiteTitle "WIM"]
[BlackTitle "WFM"]
[WhiteElo "2150"]
[BlackElo "2241"]
[WhiteFideId "5043131"]
[BlackFideId "13780719"]
[EventDate "2025.12.29"]

1. d4 Nf6 2. Bg5 Ne4 3. Bf4 c5 4. d5 Qb6 5. Nc3 Qxb2 6. Nxe4 Qb4+ 7. Qd2 Qxe4 8.
f3 Qb4 9. c3 Qb6 10. e4 g6 11. Be5 f6 12. Bg3 Bg7 13. Bd3 d6 14. Ne2 O-O 15. Rb1
Qd8 16. h4 Nd7 17. h5 Qe8 18. Bb5 a6 19. Bxd7 Bxd7 20. hxg6 Qxg6 21. Rxb7 Bb5
22. Kf2 Bxe2 23. Qxe2 f5 24. exf5 Rxf5 25. Rxe7 Rxd5 26. Rh4 Rg5 27. Qe6+ Qxe6
28. Rxe6 Bxc3 29. Bxd6 Bd4+ 30. Kf1 Rg7 31. Be5 Bxe5 32. Rxe5 Rc8 33. Rc4 Rb7
34. Rexc5 Rxc5 35. Rxc5 Rb1+ 36. Kf2 Rb2+ 37. Kg3 Rxa2 38. Rc7 Ra4 39. Ra7 a5
40. f4 Ra3+ 41. Kh4 a4 42. g4 Ra2 43. Kg5 Kf8 44. Rxh7 a3 45. Ra7 Ra1 46. f5 a2
47. Kf6 Ke8 48. g5 Kd8 49. g6 Rb1 50. Rxa2 Rb6+ 51. Kg5 Ke7 52. Ra7+ Kf8 53. Kh6
Rf6 54. Ra8+ Ke7 55. Kg5 Rb6 56. g7 Rb1 57. Ra7+ Kd6 58. Kf6 Rg1 59. Kf7 Ke5 60.
Ra5+ 1-0

[Event "World Blitz Women 2025"]
[Site "Doha QAT"]
[Date "2025.12.30"]
[Round "14.62"]
[White "Jimenez Fernandez, Rebeca"]
[Black "Sawan, Eman"]
[Result "1-0"]
[WhiteTitle "WFM"]
[BlackTitle "WFM"]
[WhiteElo "2137"]
[BlackElo "1960"]
[WhiteFideId "32070934"]
[BlackFideId "11511729"]
[EventDate "2025.12.29"]

1. e4 c5 2. Nc3 d6 3. g3 g6 4. Bg2 Bg7 5. d3 Nc6 6. Be3 Nf6 7. h3 O-O 8. Qd2 e6
9. Bh6 d5 10. Bxg7 Kxg7 11. exd5 exd5 12. Nge2 Re8 13. O-O d4 14. Ne4 Nxe4 15.
dxe4 Ne5 16. Kh2 Nc4 17. Qc1 Qa5 18. c3 d3 19. Nf4 d2 20. Qc2 Rd8 21. Nd5 Be6
22. b3 Nb6 23. Qxd2 Nxd5 24. exd5 Rd6 25. Rad1 Rad8 26. c4 Qxd2 27. Rxd2 b5 28.
cxb5 Bd7 29. a4 a6 30. bxa6 Rxa6 31. Rc1 Rb6 32. Rxc5 Rxb3 33. Ra2 Ra8 34. a5
Ra6 35. Bf1 Ra7 36. d6 Rf3 37. Rc7 Rxc7 38. dxc7 Rc3 39. a6 Bc6 1-0

[Event "World Blitz Women 2025"]
[Site "Doha QAT"]
[Date "2025.12.30"]
[Round "14.63"]
[White "Li, Xueyi"]
[Black "Lesbekova, Assel"]
[Result "0-1"]
[WhiteTitle "WGM"]
[BlackTitle "WCM"]
[WhiteElo "2202"]
[BlackElo "1948"]
[WhiteFideId "8605912"]
[BlackFideId "13713248"]
[EventDate "2025.12.29"]

1. d4 f5 2. c4 d6 3. g3 g6 4. Bg2 Bg7 5. Nc3 Nf6 6. Nf3 O-O 7. O-O Nc6 8. Re1 e5
9. dxe5 dxe5 10. Bg5 Be6 11. b3 h6 12. Bxf6 Bxf6 13. e4 Qxd1 14. Raxd1 Rad8 15.
Nd5 Bxd5 16. exd5 Nb4 17. Nxe5 Nxa2 18. Nxg6 Rfe8 19. Nf4 Nc3 20. Rxe8+ Rxe8 21.
Rf1 Kf7 22. Ne6 c6 23. h4 cxd5 24. cxd5 a5 25. Nc5 b6 26. Nb7 Re2 27. d6 Ke6 28.
Bf3 Rb2 29. Re1+ Kd7 30. Bh5 Rb1 31. Rxb1 Nxb1 32. Bg6 Nd2 33. Bxf5+ Kc6 34. Bc8
Nxb3 35. d7 Kc7 36. f4 a4 37. d8=Q+ Bxd8 38. Nxd8 a3 0-1

[Event "World Blitz Women 2025"]
[Site "Doha QAT"]
[Date "2025.12.30"]
[Round "14.64"]
[White "Zvereva, Marija"]
[Black "Nordahl, Christine"]
[Result "1-0"]
[WhiteTitle "WIM"]
[WhiteElo "2007"]
[BlackElo "1835"]
[WhiteFideId "4121082"]
[BlackFideId "1557939"]
[EventDate "2025.12.29"]

1. f4 d5 2. Nf3 Nf6 3. g3 c5 4. Bg2 Nc6 5. O-O Bf5 6. d3 e6 7. Nc3 Be7 8. Ne5
Qc7 9. Qe1 Nxe5 10. fxe5 Qxe5 11. Bf4 Qd4+ 12. e3 Qb4 13. Be5 Qb6 14. Nxd5 exd5
15. Rxf5 Rd8 16. Rf1 O-O 17. b3 Ng4 18. Bf4 g5 19. h3 gxf4 20. hxg4 fxe3 21.
Qxe3 Qg6 22. Qxe7 Qxg4 23. Qh4 Qe6 24. Rae1 Qg6 25. Rf6 Qg7 26. Re5 Kh8 27. Rg5
Qxf6 28. Rg8+ Kxg8 29. Qxf6 Rfe8 30. Qg5+ Kh8 31. Bxd5 Re1+ 32. Kf2 Rde8 33. Bf3
b6 34. Qf6+ Kg8 35. Qc6 R1e6 36. Qc7 R6e7 37. Qf4 Re6 38. Be4 h6 39. Qf5 Kf8 40.
Qd5 Rf6+ 41. Kg2 Rfe6 42. Qf5 Re5 43. Qh7 R5e6 44. Qh8+ Ke7 45. Qg7 Rf6 46. Qg4
Re6 47. Bd5 Rf6 48. Qh4 Rd8 49. Be4 Rd6 50. Qh5 Ke8 51. Qe5+ Rfe6 52. Qf5 Rf6
53. Qc8+ Ke7 54. Qc7+ Rd7 55. Qe5+ Re6 56. Qb8 Red6 57. Bf5 Rd8 58. Qc7+ Kf8 59.
Qxa7 Rf6 60. Be4 Rfd6 61. Qb7 Rf6 62. Qc7 Rfd6 63. c3 Kg8 64. a4 R8d7 65. Qc8+
Rd8 66. Qg4+ Kf8 67. b4 cxb4 68. cxb4 Rd4 69. Qh4 R8d6 70. Qf4 Re6 71. Qb8+ Kg7
72. Qc7 Rxb4 73. Qd7 Rb2+ 74. Kh3 Rf2 75. Bd5 Ref6 76. Qc7 Rd2 77. Bc4 Rdf2 78.
d4 R2f3 79. d5 Rc3 80. d6 Rff3 81. d7 h5 82. d8=Q Rc2 83. Qg5+ Kf8 84. Qcd8# 1-0

[Event "World Blitz Women 2025"]
[Site "Doha QAT"]
[Date "2025.12.30"]
[Round "14.65"]
[White "Khalil, Manar"]
[Black "Karimova, Guldona"]
[Result "0-1"]
[WhiteTitle "WFM"]
[BlackTitle "WIM"]
[WhiteElo "1925"]
[BlackElo "2288"]
[WhiteFideId "7604661"]
[BlackFideId "14210410"]
[EventDate "2025.12.29"]

1. e4 c5 2. Nf3 g6 3. d4 cxd4 4. Nxd4 Bg7 5. c4 Nc6 6. Be3 Qb6 7. Nb5 Qa5+ 8.
N5c3 d6 9. Be2 Nh6 10. O-O f5 11. Qc1 Ng4 12. Bxg4 fxg4 13. Bh6 O-O 14. Bxg7
Kxg7 15. Nd5 Qd8 16. Nbc3 Ne5 17. Nb5 e6 18. Ne3 a6 19. Nd4 Bd7 20. b3 Qf6 21.
Qd1 h5 22. Ne2 Bc6 23. Qd4 Rad8 24. Rad1 h4 25. Nc3 h3 26. Rd2 hxg2 27. Kxg2 Rh8
28. f4 gxf3+ 29. Kf2 Rxh2+ 30. Ke1 Rxd2 31. Qxd2 f2+ 32. Kd1 Qf3+ 33. Kc2 Bxe4+
34. Nxe4 Qxe4+ 35. Kb2 d5 36. Rxf2 Nd3+ 37. Ka3 Nxf2 38. Qxf2 d4 39. Ng2 d3 40.
Qd2 Rf8 41. Ne3 Rf3 42. Qc3+ Kh7 43. Nd1 Qf4 44. Qb4 Qf8 45. c5 Rf4 46. Qc3 Qf5
47. b4 Qe4 48. Nb2 d2 49. Qxd2 Rf3+ 50. Ka4 Qc6+ 0-1

[Event "World Blitz Women 2025"]
[Site "Doha QAT"]
[Date "2025.12.30"]
[Round "14.66"]
[White "Echcharbiny, Wissal"]
[Black "Druzhinina, Olga"]
[Result "0-1"]
[BlackTitle "WFM"]
[WhiteElo "1726"]
[BlackElo "2175"]
[WhiteFideId "9014853"]
[BlackFideId "4141911"]
[EventDate "2025.12.29"]

1. d4 Nf6 2. e3 g6 3. Bd3 d5 4. Nd2 Bg7 5. f4 O-O 6. Ngf3 b6 7. c3 c5 8. O-O Nc6
9. Ne5 Bb7 10. Qf3 Rc8 11. Re1 e6 12. b3 Nd7 13. Ba3 Re8 14. Rac1 Ne7 15. g4 f6
16. Nxd7 Qxd7 17. Qg3 Qc7 18. Nf3 Rcd8 19. Qh3 Qd6 20. Rc2 e5 21. fxe5 fxe5 22.
Ng5 h6 23. dxe5 Qxe5 24. Nf3 Qe6 25. Nh4 Rf8 26. Rcc1 Rf6 27. Ng2 Rdf8 28. Nf4
Qc6 29. Be2 d4 30. cxd4 Qh1+ 31. Kf2 Rxf4+ 32. exf4 Rxf4+ 33. Bf3 Rxf3+ 34. Qxf3
Qxf3+ 35. Kg1 Qg2# 0-1

[Event "World Blitz Women 2025"]
[Site "Doha QAT"]
[Date "2025.12.30"]
[Round "14.67"]
[White "Alsemairi, Dalia"]
[Black "Lau, Chloe Hailey"]
[Result "1/2-1/2"]
[WhiteTitle "WCM"]
[WhiteElo "1802"]
[BlackElo "1562"]
[WhiteFideId "21511217"]
[BlackFideId "6012469"]
[EventDate "2025.12.29"]

1. e4 c6 2. Nf3 d5 3. Nc3 dxe4 4. Nxe4 Nf6 5. Qe2 Nxe4 6. Qxe4 Nd7 7. Bc4 Nf6 8.
Qe2 b5 9. Bb3 e6 10. O-O Bd6 11. c3 O-O 12. d4 Qc7 13. h3 Bb7 14. Bc2 Rfe8 15.
Bg5 Nd5 16. Qe4 g6 17. Qh4 Bf8 18. Bh6 c5 19. Bxf8 Rxf8 20. Ng5 Nf6 21. Rae1
cxd4 22. Qxd4 Qd8 23. Qf4 Nh5 24. Qe3 Qd5 25. Be4 Qd7 26. Bxb7 Qxb7 27. Rd1 Rad8
28. Rde1 Qe7 29. Rd1 Rfe8 30. Rfe1 1/2-1/2

[Event "World Blitz Women 2025"]
[Site "Doha QAT"]
[Date "2025.12.30"]
[Round "14.68"]
[White "Al-Khulaifi, Ghada"]
[Black "Sharma, Isha"]
[Result "0-1"]
[WhiteTitle "WCM"]
[BlackTitle "WIM"]
[WhiteElo "1630"]
[BlackElo "2245"]
[WhiteFideId "12100633"]
[BlackFideId "35006665"]
[EventDate "2025.12.29"]

1. d4 Nf6 2. c4 e6 3. Nc3 Bb4 4. Bf4 O-O 5. a3 Bxc3+ 6. bxc3 d6 7. Bg5 h6 8. Bh4
Nbd7 9. Nf3 Qe8 10. e3 e5 11. d5 b6 12. Be2 Ne4 13. Qc2 f5 14. O-O Ndc5 15. Nd2
Nxd2 16. Qxd2 g5 17. Bg3 f4 18. exf4 exf4 19. Rae1 fxg3 20. hxg3 Qf7 21. Qd1 Bf5
22. Qd4 Rae8 23. g4 Re4 24. Qd1 Bg6 25. f3 Re3 26. Qd2 Rfe8 27. f4 gxf4 28. Rf3
Ne4 29. Qd1 Nxc3 30. Qd4 Nxe2+ 31. Rxe2 Rxe2 32. Rxf4 Qg7 33. Qxg7+ Kxg7 34. Kh2
Be4 0-1

[Event "World Blitz Women 2025"]
[Site "Doha QAT"]
[Date "2025.12.30"]
[Round "14.69"]
[White "Alotaibi, Maitha Abdulrahman A"]
[Black "Skaslien, Ingrid"]
[Result "0-1"]
[WhiteElo "1600"]
[BlackElo "2029"]
[WhiteFideId "21524009"]
[BlackFideId "1520660"]
[EventDate "2025.12.29"]

1. d4 Nf6 2. c4 e6 3. Nf3 d5 4. Nc3 Be7 5. g3 c6 6. Bg2 O-O 7. O-O b6 8. cxd5
exd5 9. h3 Bb7 10. Ne5 Nbd7 11. f4 Qc7 12. Kh2 Rad8 13. Be3 Nb8 14. Rc1 a6 15.
a4 c5 16. dxc5 bxc5 17. Qc2 d4 18. Bxd4 cxd4 19. Bxb7 Qxb7 20. Na2 Rc8 21. Qb3
Qxb3 0-1

[Event "World Blitz Women 2025"]
[Site "Doha QAT"]
[Date "2025.12.30"]
[Round "14.70"]
[White "Fawaz, Nadia"]
[Black "Abrar Mohammed Ahmad Almalki"]
[Result "1-0"]
[WhiteTitle "WFM"]
[WhiteElo "1957"]
[BlackElo "1826"]
[WhiteFideId "5309743"]
[BlackFideId "21543143"]
[EventDate "2025.12.29"]

1. e4 e6 2. d4 d5 3. exd5 exd5 4. Bd3 Bd6 5. h3 Nf6 6. Nf3 c6 7. O-O O-O 8. c3
Be6 9. Nbd2 Nbd7 10. Re1 Qc7 11. Nf1 Rae8 12. Ng5 h6 13. Nxe6 fxe6 14. Bg6 Re7
15. Qd3 Ne4 16. Bxe4 dxe4 17. Rxe4 Nf6 18. Re1 e5 19. dxe5 Bxe5 20. Be3 Rfe8 21.
Rad1 a6 22. Qc4+ Kh8 23. Qb3 b5 24. Qc2 Nd5 25. Qg6 Nxe3 26. Rxe3 Bf4 27. Red3
Bg5 28. Ng3 Re1+ 29. Kh2 Rxd1 30. Qxe8+ Kh7 31. Rxd1 h5 32. Qxh5+ Bh6 33. Qf5+
Kg8 34. Rd7 Qb6 35. Rf7 Qd8 36. Qe6 Kh8 37. Re7 Qd3 38. Re8+ Kh7 39. Qe4+ Qxe4
40. Nxe4 1-0

[Event "World Blitz Women 2025"]
[Site "Doha QAT"]
[Date "2025.12.30"]
[Round "15.1"]
[White "Gunina, Valentina"]
[Black "Muzychuk, Anna"]
[Result "0-1"]
[WhiteTitle "GM"]
[BlackTitle "GM"]
[WhiteElo "2393"]
[BlackElo "2518"]
[WhiteFideId "4167570"]
[BlackFideId "14111330"]
[EventDate "2025.12.29"]

1. e4 e5 2. Nf3 Nc6 3. Bc4 Nf6 4. d3 Be7 5. O-O O-O 6. Nc3 d6 7. a4 Bg4 8. h3
Bxf3 9. Qxf3 Nd4 10. Qd1 c6 11. Ba2 Ne6 12. Re1 Qc7 13. Ne2 d5 14. Ng3 Rad8 15.
c3 Rfe8 16. Qf3 g6 17. Bh6 a5 18. Rad1 Nc5 19. exd5 Nxd5 20. Ne4 Nxe4 21. dxe4
Nf6 22. g4 Rxd1 23. Rxd1 Rd8 24. Re1 Qb6 25. g5 Qxb2 26. gxf6 Bc5 27. Bc4 Qc2
28. Qe2 Qxc3 29. Rc1 Qg3+ 30. Kf1 Qxh3+ 31. Kg1 Qxh6 32. Bxf7+ Kxf7 33. Rxc5
Qg5+ 34. Kf1 Qxf6 35. Rxa5 Qd6 36. Ra7 Qb4 37. a5 Rd7 38. a6 Ke7 39. axb7 Rxb7
40. Ra8 Qb5 41. Rc8 Qxe2+ 42. Kxe2 Kd6 43. Rd8+ Kc5 44. Kf3 Rf7+ 45. Ke3 Rb7 46.
Kf3 Rb3+ 47. Kg4 h5+ 48. Kg5 Rf3 49. Rd2 Kc4 50. Kxg6 Kc3 51. Rd6 c5 52. Kxh5
Rxf2 53. Rd5 c4 54. Rxe5 Kd4 55. Re8 c3 56. Rc8 Re2 57. Kg4 Rxe4+ 58. Kf3 Re5
59. Kf4 Re1 60. Kf3 Kd3 61. Kf2 Re5 62. Rd8+ Kc2 63. Rc8 Kd2 64. Kf3 c2 65. Rd8+
Kc3 66. Rc8+ Kd3 67. Kf2 Re4 68. Rd8+ Rd4 69. Rc8 Rc4 70. Rd8+ Kc3 71. Ke3 0-1

[Event "World Blitz Women 2025"]
[Site "Doha QAT"]
[Date "2025.12.30"]
[Round "15.2"]
[White "Stefanova, Antoaneta"]
[Black "Assaubayeva, Bibisara"]
[Result "1/2-1/2"]
[WhiteTitle "GM"]
[BlackTitle "GM"]
[WhiteElo "2391"]
[BlackElo "2497"]
[WhiteFideId "2902257"]
[BlackFideId "13708694"]
[EventDate "2025.12.29"]

1. d4 Nf6 2. Nf3 g6 3. g3 Bg7 4. Bg2 c5 5. dxc5 Na6 6. Be3 O-O 7. O-O Qc7 8. Na3
Nxc5 9. Nb5 Qb6 10. a4 Ng4 11. Bd4 Bxd4 12. Qxd4 d6 13. h3 Nf6 14. b4 Nxa4 15.
Qxb6 axb6 16. Nc7 Ra7 17. Nd4 Bd7 18. Ndb5 Bxb5 19. Nxb5 Raa8 20. Bxb7 Rab8 21.
Bf3 Nb2 22. Ra7 Rfe8 23. Rfa1 Nc4 24. Rc7 Ne5 25. Bg2 Kf8 26. Raa7 Rbc8 27. Rxc8
Rxc8 28. c3 d5 29. Rb7 Nc4 30. g4 Ne4 31. Bxe4 dxe4 32. Nd4 Nd6 33. Rxb6 Rxc3
34. e3 Rc1+ 35. Kg2 Rb1 36. Rb8+ Kg7 37. b5 e5 38. Nc6 Rxb5 39. Rxb5 Nxb5 1/2-1/2

[Event "World Blitz Women 2025"]
[Site "Doha QAT"]
[Date "2025.12.30"]
[Round "15.3"]
[White "Song, Yuxin"]
[Black "Zhu, Jiner"]
[Result "0-1"]
[WhiteTitle "IM"]
[BlackTitle "GM"]
[WhiteElo "2454"]
[BlackElo "2579"]
[WhiteFideId "8614300"]
[BlackFideId "8608059"]
[EventDate "2025.12.29"]

1. e4 e5 2. Nf3 Nc6 3. Bb5 a6 4. Ba4 Nf6 5. O-O Be7 6. d3 b5 7. Bb3 d6 8. a4 Bd7
9. c3 O-O 10. Bc2 Re8 11. Re1 h6 12. Nbd2 Bf8 13. h3 d5 14. exd5 Nxd5 15. Ne4
Be6 16. d4 exd4 17. Nxd4 Nxd4 18. Qxd4 Nb6 19. Qxd8 Raxd8 20. axb5 axb5 21. Bf4
Nd5 22. Bg3 c5 23. Rad1 f5 24. Nd2 f4 25. Bh2 g5 26. Ne4 Kf7 27. Rd2 Nf6 28.
Rxd8 Rxd8 29. Nxf6 Kxf6 30. Rd1 Rxd1+ 31. Bxd1 b4 32. Kf1 Bd6 33. f3 bxc3 34.
bxc3 Be5 35. Bg1 c4 36. Bd4 Bxd4 37. cxd4 Bf5 38. Be2 c3 39. Ke1 Ke6 40. Bc4+
Kd6 41. Ke2 Kc6 42. Ke1 Kb6 43. Kd1 Ka5 44. Kc1 Kb4 45. Bf7 Bd3 46. d5 Kc5 47.
Be6 Kd6 48. Kd1 Ke5 49. Kc1 Bf1 50. Kc2 Bxg2 51. Bg4 Kxd5 52. Kxc3 Ke5 53. Kd3
Bf1+ 54. Kd2 Kd4 55. Ke1 Bd3 56. Kf2 Ke5 57. Kg2 Bf5 58. Bh5 Kd4 59. Be8 Ke3 60.
Bc6 Bd3 61. Bb7 Bc4 62. Bc6 Bd5 63. Be8 Be6 64. Bg6 g4 65. hxg4 Bd5 66. Bf5
Bxf3+ 67. Kf1 Be2+ 68. Kg2 f3+ 69. Kg3 f2 0-1